Welcome to CU Library Online Public Access Catalogue (OPAC)

Dominion: (Record no. 4265)

MARC details
000 -LEADER
fixed length control field 00419nam a22001577a 4500
005 - DATE AND TIME OF LATEST TRANSACTION
control field 20250224170215.0
008 - FIXED-LENGTH DATA ELEMENTS--GENERAL INFORMATION
fixed length control field 250224b |||||||| |||| 00| 0 eng d
020 ## - INTERNATIONAL STANDARD BOOK NUMBER
International Standard Book Number 9780800794354
050 ## - LIBRARY OF CONGRESS CALL NUMBER
Classification number BT 738.W 25 WAG
Item number 1
100 ## - MAIN ENTRY--PERSONAL NAME
Personal name WAGNER, C. Peter
245 ## - TITLE STATEMENT
Title Dominion:
Remainder of title How kingdom action can change the world
260 ## - PUBLICATION, DISTRIBUTION, ETC.
Place of publication, distribution, etc. Michigan
Name of publisher, distributor, etc. Chosen
Date of publication, distribution, etc. 2008
300 ## - PHYSICAL DESCRIPTION
Extent 222p
500 ## - GENERAL NOTE
General note scripture index
942 ## - ADDED ENTRY ELEMENTS (KOHA)
Source of classification or shelving scheme Library of Congress Classification
Koha item type Books
Suppress in OPAC No
999 ## -
-- 4265
-- 4265
Holdings
Withdrawn status Lost status Source of classification or shelving scheme Damaged status Not for loan Collection Home library Current library Shelving location Date acquired Total checkouts Full call number Barcode Date last seen Copy number Price effective from Koha item type
    Library of Congress Classification     Non-fiction Graduate Library (Christ Temple) Graduate Library (Christ Temple) General stacks 02/24/2025   BT 738.W 25 WAG GSCT00000561 02/24/2025 1 02/24/2025 Books
    Library of Congress Classification     Non-fiction Undergraduate Library (Christ Temple) Undergraduate Library (Christ Temple) General stacks 06/05/2025   BT 738.W25 WAG ulct00003068 06/05/2025 1 06/05/2025 Books
© 2023-2024 Copyright: Central University Libraries. All Rights Reserved | Created by: Mahone Tech Office